عرض عادي
عرض مارك
- السلك الدبلوماسي والقنصلي
دخول Topical Term
001 - CONTROL NUMBER
- control field: 28567
003 - CONTROL NUMBER IDENTIFIER
- control field: AE-AdECS
005 - DATE AND TIME OF LATEST TRANSACTION
- control field: 20260413154309.0
008 - FIXED-LENGTH DATA ELEMENTS
- fixed length control field: 260413|| aca||aabn | a|a d
040 ## - CATALOGING SOURCE
- Original cataloging agency: AE-AdECS
- Transcribing agency: AE-AdECS
150 ## - HEADING--TOPICAL TERM
- Topical term or geographic name entry element: السلك الدبلوماسي والقنصلي
- General subdivision: مهام وتنظيم
670 ## - SOURCE DATA FOUND
- Source citation: Work cat.: (AE-AdECS)294694: راضي، علي رحيم مؤلف. 28566, العلاقات الدبلوماسية والقنصلية :
